Cestami křesťanské politiky : biografický slovník k dějinám křesťanských stran v českých zemích /

Hlavní autor: Pehr, Michal, 1977-
Korporativní autor: Evropská akademie pro demokracii
Jazyk: Čeština
Vydáno: Praha : Akropolis, 2007
Vydání: 1. vyd.
Témata:
Externí odkaz: Digitalizovaný dokument
Fyzický popis: 373 s. : il. (některé barev.), portréty, faksim. ; 23 cm
Knihy
Uloženo v:
LEADER 02456nam a2200565 a 4500
001 nkc20071781588
003 CZ PrNK
005 20080415104553.0
007 ta
008 071203s2007 xr ach g d 000 0ccze
015 |a cnb001781588 
020 |a 978-80-86903-53-8  |q (Akropolis ;  |q váz.) 
035 |a (OCoLC)228600239 
040 |a ABA001  |b cze 
043 |a e-xr--- 
045 |a w-y0 
072 7 |a 329  |x Politické strany a hnutí  |2 Konspekt  |9 15 
072 7 |a 929  |x Biografie  |2 Konspekt  |9 8 
080 |a 32-051  |2 MRF 
080 |a 929  |2 MRF 
080 |a 329.3  |2 MRF 
080 |a 322:27-67  |2 MRF 
080 |a (437.3)  |2 MRF 
080 |a (031)929  |2 MRF 
100 1 |a Pehr, Michal,  |d 1977-  |7 js20040426009  |4 aut 
245 1 0 |a Cestami křesťanské politiky :  |b biografický slovník k dějinám křesťanských stran v českých zemích /  |c Michal Pehr a kol. 
246 3 0 |a Biografický slovník k dějinám křesťanských stran v českých zemích 
250 |a 1. vyd. 
260 |a Praha :  |b Akropolis,  |c 2007 
300 |a 373 s. :  |b il. (některé barev.), portréty, faksim. ;  |c 23 cm 
500 |a Vychází ve spolupráci s Evropskou akademií pro demokracii 
504 |a Obsahuje bibliografii a bibliografické odkazy 
521 8 |a Pro historické badatele, publicisty, zájemce o křesťanskou politiku 
648 7 |a 19.-21. století  |7 ch757016  |2 czenas 
650 0 7 |a politici  |7 ph115781  |z Česko  |y 19.-21. století  |2 czenas 
650 0 7 |a křesťanské strany  |7 ph445014  |z Česko  |y 19.-21. století  |2 czenas 
650 0 7 |a křesťanství a politika  |7 ph417914  |z Česko  |y 19.-21. století  |2 czenas 
650 0 9 |a politicians  |z Czechia  |y 19th-21st centuries  |2 eczenas 
650 0 9 |a Christian political parties  |z Czechia  |y 19th-21st centuries  |2 eczenas 
650 0 9 |a Christianity and politics  |z Czechia  |y 19th-21st centuries  |2 eczenas 
655 7 |a biografické slovníky  |7 fd131906  |2 czenas 
655 9 |a biographical dictionaries  |2 eczenas 
710 2 |a Evropská akademie pro demokracii  |7 ko2004239129 
856 4 1 |u http://www.digitalniknihovna.cz/mzk/uuid/uuid:051db190-c409-11e5-bef4-005056827e51  |y Digitalizovaný dokument  |x NDK 
910 2 |a BOA001  |b 2-1200.160 
990 |a BK 
995 |a 01 
991 |b 200803  |c NOV 
996 6 |b 2610335260  |c 2-1200.160  |l MZK  |r Sklad / do 1 hodiny  |n 9  |p p.v.  |w 000884439  |u 000010  |a 1  |e BOA001  |j MZK50  |s P 
996 7 |b 2610337922  |c 2-1200.160  |l MZK  |r Sklad / do 1 hodiny  |n 29  |p kup  |w 000884439  |u 000020  |a 1  |e BOA001  |j MZK50  |s A